Ideový návrh viacvalcového spaľovacieho motora s vypínaním valcov. (Ideological design of multi-cylinder combustion engine with cylinder deactivation) [CD-ROM] : Diplomová práca

Salvato in:
Dettagli Bibliografici
Autore principale: Belás, Michal, 1984- (Autore)
Altri autori: Petrák, Peter, 1955- (xxx)
Natura: Manoscritto Libro
Lingua:slovacco
Pubblicazione: Bratislava : STU v Bratislave SjF, 2007
Soggetti:
Tags: Aggiungi Tag
Nessun Tag, puoi essere il primo ad aggiungerne!!

MARC

LEADER 00000ntm a22000003a 4500
001 stu155049
005 20150617225946.7
008 080115s2007----xo------------------slo-d
040 |a STU  |b slo 
041 0 |a slo 
044 |a xo 
100 1 |a Belás, Michal,  |d 1984-  |4 aut  |u J230  |9 100  |U SjF Ústav dopravnej techniky a konštruovania  |T SjF Katedra automobilov, lodí a spaľovacích motorov  |X 28255  |U J230  |Y 46  |7 A000028255 
245 1 |a Ideový návrh viacvalcového spaľovacieho motora s vypínaním valcov. (Ideological design of multi-cylinder combustion engine with cylinder deactivation) [CD-ROM] :  |b Diplomová práca 
260 |a Bratislava :  |b STU v Bratislave SjF,  |c 2007 
300 |a 64 s 
650 7 |a vidlicový osemvalcový motor  |2 stusub 
650 7 |a deaktivácia valcov  |2 stusub 
650 7 |a požiadavky na výkon  |2 stusub 
650 7 |a V- shaped eight-cylinder engine  |2 estusub 
650 7 |a cylinder deactivation  |2 estusub 
650 7 |a power requirements  |2 estusub 
700 1 |a Petrák, Peter,  |d 1955-  |4 xxx  |u J230  |U SjF Ústav dopravnej techniky a konštruovania  |T SjF Katedra automobilov, lodí a spaľovacích motorov  |X 2414  |U J230  |Y 46  |7 A000002414 
700 1 |a Kamenický, Milan,  |d 1958-  |4 csl  |u J230  |U SjF Ústav dopravnej techniky a konštruovania  |T SjF Katedra automobilov, lodí a spaľovacích motorov  |X 2441  |U J230  |Y 46  |7 A000002441 
996 |b 284J032066  |c J*108466  |l JJSK  |s A  |a 24  |w stu155049_0001